[Event "Khanty-Mansiysk Governor Cup 7th"]
[Site "Khanty-Mansiysk"]
[Date "2011.09.05"]
[Round "6"]
[White "Zhigalko, Sergei"]
[Black "Musakaev, Emil"]
[Result "1-0"]
[WhiteElo "2689"]
[BlackElo "2325"]
[PlyCount "87"]
[EventDate "2011.08.31"]
[EventType "swiss"]
[EventRounds "9"]
[EventCountry "RUS"]
[SourceTitle "CBM 144 Extra"]
[Source "ChessBase"]
[SourceDate "2011.10.28"]
[SourceVersion "1"]
[SourceVersionDate "2011.10.28"]
[SourceQuality "1"]

1. e4 e5 2. Nf3 Nc6 3. Bb5 Nge7 4. c3 d5 5. Nxe5 dxe4 6. Qe2 Qd5 7. Nxc6 Nxc6 8. d4 Bd7 9. Bc4 Qf5 10. Bd3 0-0-0 11. Bxe4 Qf6 12. 0-0 Bd6 13. Nd2 Rde8 14. Qf3 Qh4 15. h3 g6 16. Bd5 f5 17. Nc4 g5 18. Nxd6+ cxd6 19. Bd2 f4 20. Rfe1 Kc7 21. Rxe8 Rxe8 22. Re1 Rf8 23. Be6 Qh6 24. Bxd7 Kxd7 25. c4 Qg6 26. Bc3 Re8 27. Qg4+ Kd8 28. Rxe8+ Kxe8 29. Qc8+ Nd8 30. d5 h5 31. f3 Qf7 32. Kh2 b6 33. Bd4 Qg6 34. Bc3 Qf7 35. a3 Qg6 36. a4 Ke7 37. a5 bxa5 38. Qc7+ Ke8 39. Bxa5 Nf7 40. Qb8+ Ke7 41. Qxa7+ Kf8 42. Qb8+ Kg7 43. Bc3+ Kh7 44. Qc8 1-0

[Event "Tiumen"]
[Site "Tiumen"]
[Date "2011.02.05"]
[Round "10"]
[White "Shanturov, Genady"]
[Black "Musakaev, Emil"]
[Result "0-1"]
[WhiteElo "2091"]
[BlackElo "2318"]
[PlyCount "92"]
[EventDate "2011.01.22"]
[EventType "tourn"]
[EventRounds "11"]
[EventCountry "RUS"]
[EventCategory "2"]
[SourceTitle "EXT 2012"]
[Source "ChessBase"]
[SourceDate "2011.11.24"]
[SourceVersion "1"]
[SourceVersionDate "2011.11.24"]
[SourceQuality "1"]

1. e4 e5 2. Bc4 Nf6 3. d4 exd4 4. Qxd4 Nc6 5. Qe3 Ne5 6. Bb3 Neg4 7. Qe2 Bc5 8. Nh3 0-0 9. Bg5 h6 10. Bxf6 Qxf6 11. Nc3 d6 12. 0-0-0 c6 13. f3 Ne5 14. Nf2 Qg5+ 15. Kb1 Qxg2 16. Nd3 Qxe2 17. Nxe2 Nxf3 18. Nxc5 dxc5 19. c3 Ne5 20. Nf4 Bg4 21. Rdf1 Bf3 22. Rhg1 Bxe4+ 23. Ka1 c4 24. Bd1 Nd3 25. Nh5 Bg6 26. Ng3 Rae8 27. h4 Re5 28. h5 Bh7 29. Be2 Rfe8 30. Rg2 Re3 31. b3 cxb3 32. axb3 Rxg3 33. Rxg3 Rxe2 34. Rd1 Be4 35. Rgxd3 Bxd3 36. Rxd3 Re7 37. Kb2 g6 38. c4 gxh5 39. Rh3 Kg7 40. Rxh5 Kg6 41. Rh3 f5 42. Kc3 f4 43. Kd4 Kg5 44. Kc5 Kg4 45. Rh1 f3 46. Kd6 Rh7 0-1

[Event "Tiumen"]
[Site "Tiumen"]
[Date "2011.01.28"]
[Round "5"]
[White "Musakaev, Emil"]
[Black "Bacherikov, Vitaly Valerievich"]
[Result "1/2-1/2"]
[WhiteElo "2318"]
[BlackElo "2260"]
[PlyCount "114"]
[EventDate "2011.01.22"]
[EventType "tourn"]
[EventRounds "11"]
[EventCountry "RUS"]
[EventCategory "2"]
[SourceTitle "EXT 2012"]
[Source "ChessBase"]
[SourceDate "2011.11.24"]
[SourceVersion "1"]
[SourceVersionDate "2011.11.24"]
[SourceQuality "1"]

1. e4 c6 2. d4 d5 3. e5 Bf5 4. Nf3 e6 5. Be2 Ne7 6. 0-0 Bg6 7. Nbd2 c5 8. dxc5 Nd7 9. b4 Nc6 10. a3 a5 11. b5 Ncxe5 12. Nxe5 Nxe5 13. Bb2 f6 14. Nf3 Nxf3+ 15. Bxf3 Bxc5 16. Re1 Kf7 17. c4 dxc4 18. Bxb7 Qxd1 19. Rexd1 Rad8 20. Bc3 a4 21. Ba5 Rd3 22. Rxd3 Bxd3 23. Bc6 Ke7 24. b6 Rb8 25. Bxa4 Bxb6 26. Bb4+ Kd8 27. h4 Kc7 28. Rc1 Bd4 29. Bc2 Bb2 30. Rb1 Bxa3 31. Bxa3 Rxb1+ 32. Bxb1 Bxb1 33. Bf8 c3 34. Bxg7 c2 35. Bh6 Ba2 36. Kf1 Bd5 37. g3 Bf3 38. Ke1 Kd6 39. Kd2 Bd1 40. Bg7 f5 41. h5 Kd5 42. h6 Ke4 43. Bf8 Kf3 44. Bc5 e5 45. Bd6 Ke4 46. Bc7 Kd5 47. Bb6 Ke6 48. Bc7 Kf6 49. Bd6 Kg6 50. Bf8 Kg5 51. Bg7 Kh5 52. Kc1 Kg5 53. Kd2 e4 54. Kc1 Kg4 55. Bd4 f4 56. gxf4 Kh5 57. Bg7 Kg4 1/2-1/2